| 000 | 00527ntaaa2200193 4500 | ||
|---|---|---|---|
| 003 | 01 | ||
| 005 | 20251027201034.0 | ||
| 008 | 0714s1973 ag 01 | ||
| 020 | _a950991410X | ||
| 040 |
_aAR-BaBN _bspa _cAR-BaBN _eaacr _dRIC |
||
| 082 | _a155.3 R18c | ||
| 100 |
_aRascovsky _97647 |
||
| 245 |
_aConversaciones con Rascovsky: acerca de la vida, el amor, el sexo y la libertad. / _cRascovsky |
||
| 250 | _a1 ed. | ||
| 260 |
_aBuenos Aires : _bEd. Dobledia, _c1987 |
||
| 300 |
_a79 p. ; _c20 cm. |
||
| 650 | _aSexo | ||
| 942 | _cBK | ||
| 999 |
_c4494 _d4494 |
||